| 000 | 01016nam a2200265Ia 4500 | ||
|---|---|---|---|
| 005 | 20211110133607.0 | ||
| 008 | 130821s2008 mx a gr spa | ||
| 020 | _a9789681686024 | ||
| 040 |
_aCO-BoUCM _cLuz Cupitra (modificó) _dDiana Londoño (modificó) _bspa |
||
| 041 | 0 | 0 | _aspa |
| 100 | 1 |
_aNakagawa, Chihiro _930127 |
|
| 245 | 1 | 0 |
_aCómo cuidar un ángel _cChihiro Nakagawa ; traducción del japonés Jaime Barrera Parra. |
| 260 |
_aMéxico D.F. (México) _bFondo de cultura económica _c2008 |
||
| 300 |
_a[94] páginas _bilustraciones |
||
| 490 |
_aa la orilla del viento _v196 |
||
| 538 | _aIX Premio del Libro Ilustrado Japonés. | ||
| 650 | 0 | 4 |
_aCuentos infantiles _912283 |
| 650 | 0 | 4 |
_aLibros ilustrados para niños _918516 |
| 650 | 0 | 4 |
_aLiteratura infantil _918680 |
| 650 | 0 | 4 |
_aLiteratura japonesa _918695 |
| 650 | 0 | 4 |
_aLiteratura oriental _918717 |
| 700 | 1 |
_aBarrera Parra, Jaime _etraductor _930128 |
|
| 942 |
_cLIBRO _a18 _e1 _mN163c _2DEWEY _h895.65 _n0 |
||
| 999 |
_c39841 _d39841 |
||